Desilusión (Record no. 68174)

MARC details
000 -LEADER
campo de control de longitud fija 00455nam a2200157 i 4500
001 - NÚMERO DE CONTROL
campo de control 68174
003 - IDENTIFICADOR DE NÚMERO DE CONTROL
campo de control ES-MaACL
005 - FECHA Y HORA DE LA ÚLTIMA TRANSACCIÓN
campo de control 20230906170222.0
007 - CAMPO FIJO DE DESCRIPCIÓN FÍSICA--INFORMACIÓN GENERAL
campo de control de longitud fija t|
008 - DATOS DE LONGITUD FIJA--INFORMACIÓN GENERAL
campo de control de longitud fija 040610s1960 sp ||||1| spa d
100 1# - ENTRADA PRINCIPAL--NOMBRE DE PERSONA
Nombre de persona Garay-Gordovil y Gil, Lucs.
9 (RLIN) 53946
245 10 - MENCIÓN DEL TÍTULO
Título Desilusión
Resto del título : novela /
Mención de responsabilidad, etc. Lucs Garay-Gordovil y Gil.
260 ## - PUBLICACIÓN, DISTRIBUCIÓN, ETC.
Lugar de publicación, distribución, etc. [Vitoria :
Nombre del editor, distribuidor, etc. s.n.,
Fecha de publicación, distribución, etc. 1960] (
Fabricante Gráficas Vitoria)
300 ## - DESCRIPCIÓN FÍSICA
Extensión 199 p. ;
Dimensiones 24 cm.
852 ## - LOCALIZACIÓN
Ubicación ES-MaACL
Número de control de estantería C-19158
Sublocalización o colección R.45486
Holdings
Estatus retirado Estado de pérdida Estado de daño No para préstamo Biblioteca de origen Biblioteca actual Ubicación en estantería Fecha de adquisición Fuente de adquisición Total de préstamos Signatura topográfica completa Código de barras Visto por última vez Precio de reemplazo Tipo de ítem Koha
        Biblioteca del Ateneo de Madrid Biblioteca del Ateneo de Madrid Galería 17/01/2008     C-19158 1071369 23/02/2023 23/02/2023 Libro impreso